000 00710cam a2200229 a 4500
001 2616493
005 20240214030100.0
008 980630s1999 enk b 001 0 eng
020 _a0415189101 (hc. : alk. paper)
020 _a041518911X (pbk. : alk. paper)
040 _aDLC
_cDLC
_dDLC
082 0 0 _a320.
_221
_bSTE.
100 1 _aClark, Stephen R. L.
245 1 4 _aThe political animal :
_bbiology, ethics, and politics /
_cStephen R.L. Clark.
260 _aLondon ;
_aNew York :
_bRoutledge,
_c1999.
300 _aviii, 207 p. ;
650 0 _aPolitical science
650 0 _aBiopolitics.
650 0 _aBioethics.
856 4 2 _uhttp://www.loc.gov/catdir/enhancements/fy0649/98035441-d.html
942 _cL
999 _c384
_d384